| Registos Bibliográficos associados ao registo de autoridade |
|
Etiqueta de registo: 00254nam 2200025 450 001 2280011 003 http://id.bnportugal.gov.pt/bib/catbnp/2280011 100 ## $a20260313d2025 k y0pory01030103ba 101 0# $aeng$dpor 102 ## $aPT 105 ## $aa m 000yy 106 ## $ar 200 1# $aModeling the directionality of interactions between cortical areas$fJoana Pernadas Carmona$gsupervisor Christian K. Machens 210 #9 $aOeiras$c[s.n.],$d2025 215 ## $aXXIII, 155 p.$cil.$d26 cm 300 ## $aAcesso não autorizado pelo período de 1 ano 328 #1 $aTese dout. Neuroscience, Instituto de Tecnologia Química e Biológica António Xavier,
Universidade Nova de Lisboa, 2025 675 ## $a612.82(043)$vBN$zpor$3337469 700 #1 $aCarmona,$bJoana Pernadas$31991202 702 #1 $aMachens,$bChristian$4727$31735208 801 #0 $aPT$bBN$gRPC 966 ## $lBN$mFGMON$sS.A. 193536 V.$x1 971 ## $cssilva$d20260313 973 ## $cmlsousa$d20260413
|
|
|